Documento de proyecto (Registro nro. 8538)
[ vista simple ]
| 000 -LEADER | |
|---|---|
| fixed length control field | 01365nas a2200265 454500 |
| 001 - CONTROL NUMBER | |
| control field | 20316 |
| 005 - DATE AND TIME OF LATEST TRANSACTION | |
| control field | 20260407193506.0 |
| 008 - FIXED-LENGTH DATA ELEMENTS--GENERAL INFORMATION | |
| fixed length control field | 260407s2005####ag###########|||spa#d |
| 003 - CONTROL NUMBER IDENTIFIER | |
| control field | AR-UNSa-BCEJYS |
| 040 ## - CATALOGING SOURCE | |
| Original cataloging agency | AR-UNSa-BCEJYS |
| Language of cataloging | spa |
| Transcribing agency | AR-UNSa-BCEJYS |
| 080 ## - UNIVERSAL DECIMAL CLASSIFICATION NUMBER | |
| Universal Decimal Classification number | 338 |
| Common auxiliary subdivision | Situación económica. Política económica. Gestión de la economía. Planificación de la economía. Producción. Servicios. Precios |
| 100 1# - MAIN ENTRY--PERSONAL NAME | |
| Personal name | Naciones Unidas. Comisión Económica para América Latina y el Caribe (CEPAL) |
| 245 10 - TITLE STATEMENT | |
| Title | Documento de proyecto |
| 264 #1 - PRODUCTION, PUBLICATION, DISTRIBUTION, MANUFACTURE, AND COPYRIGHT NOTICE | |
| Place of production, publication, distribution, manufacture | Santiago de Chile : |
| Name of producer, publisher, distributor, manufacturer | Naciones Unidas |
| Date of production, publication, distribution, manufacture, or copyright notice | 2005 |
| 310 ## - CURRENT PUBLICATION FREQUENCY | |
| Current publication frequency | Numeración varía: CEPAL reserva numeración para años posteriores, por este motivo en algunos casos, no hay correlación entre año y número<br/>Puede haber números repetidos en diferentes años, la numeración se sigue según figura en la página Web, la fecha de edición es la que figura en la publicación |
| 590 ## - LOCAL NOTE (RLIN) | |
| Local note | niveau_biblio:s niveau_hierar:1 |
| 650 ## - SUBJECT ADDED ENTRY--TOPICAL TERM | |
| Topical term or geographic name entry element | Integración económica |
| 650 ## - SUBJECT ADDED ENTRY--TOPICAL TERM | |
| Topical term or geographic name entry element | Análisis económico |
| 650 ## - SUBJECT ADDED ENTRY--TOPICAL TERM | |
| Topical term or geographic name entry element | Política industrial |
| 650 ## - SUBJECT ADDED ENTRY--TOPICAL TERM | |
| Topical term or geographic name entry element | MERCOSUR |
| 650 ## - SUBJECT ADDED ENTRY--TOPICAL TERM | |
| Topical term or geographic name entry element | COMERCIO EXTERIOR |
| 700 1# - ADDED ENTRY--PERSONAL NAME | |
| Personal name | Cámara Argentina Fabricantes de Maquinarias Agrícolas |
| 856 41 - ELECTRONIC LOCATION AND ACCESS | |
| Uniform Resource Identifier | <a href="https://biblioeco.unsa.edu.ar/pmb/images/revistas/Mapa Biotecnol?gico de la Provincia de Cordoba.jpg">https://biblioeco.unsa.edu.ar/pmb/images/revistas/Mapa Biotecnol?gico de la Provincia de Cordoba.jpg</a> |
| Link text | Imagen de portada |
| Electronic format type | image/jpeg |
| 942 ## - ADDED ENTRY ELEMENTS (KOHA) | |
| Koha item type | |
| Withdrawn status | Lost status | Damaged status | Not for loan | Home library | Current library | Shelving location | Date acquired | Serial enumeration / chronology | Total checkouts | Full call number | Barcode | Date last seen | Price effective from | Koha item type |
|---|---|---|---|---|---|---|---|---|---|---|---|---|---|---|
| Biblioteca Prof. Eusebio Cleto del Rey | Biblioteca Prof. Eusebio Cleto del Rey | 01/03/2012 | Nº 479 - mar. 2012 | H338 DOC 479 | R09485 | 10/04/2026 | 10/04/2026 | Numero | ||||||
| Biblioteca Prof. Eusebio Cleto del Rey | Biblioteca Prof. Eusebio Cleto del Rey | 01/11/2011 | Nº 439 - nov. 2011 | H338 DOC 439 | R21629 | 10/04/2026 | 10/04/2026 | Numero | ||||||
| Biblioteca Prof. Eusebio Cleto del Rey | Biblioteca Prof. Eusebio Cleto del Rey | 01/11/2011 | Nº 442 - nov. 2011 | H338 DOC 442 | R21628 | 10/04/2026 | 10/04/2026 | Numero | ||||||
| Biblioteca Prof. Eusebio Cleto del Rey | Biblioteca Prof. Eusebio Cleto del Rey | 01/09/2010 | Nº 336 - sep. 2010 | H338 DOC 336 | R21636 | 10/04/2026 | 10/04/2026 | Numero | ||||||
| Biblioteca Prof. Eusebio Cleto del Rey | Biblioteca Prof. Eusebio Cleto del Rey | 01/05/2010 | Nº 320 - mayo 2010 | H338 DOC 320 | R05312 | 10/04/2026 | 10/04/2026 | Numero | ||||||
| Biblioteca Prof. Eusebio Cleto del Rey | Biblioteca Prof. Eusebio Cleto del Rey | 01/05/2010 | Nº 324 - mayo 2010 | H338 DOC 324 | R09458 | 10/04/2026 | 10/04/2026 | Numero | ||||||
| Biblioteca Prof. Eusebio Cleto del Rey | Biblioteca Prof. Eusebio Cleto del Rey | 01/04/2010 | Nº 319 - abr. 2010 | H338 DOC 319 | R09481 | 10/04/2026 | 10/04/2026 | Numero | ||||||
| Biblioteca Prof. Eusebio Cleto del Rey | Biblioteca Prof. Eusebio Cleto del Rey | 01/07/2009 | Nº 273 - jul. 2009 | H338 DOC 273 | R09482 | 10/04/2026 | 10/04/2026 | Numero | ||||||
| Biblioteca Prof. Eusebio Cleto del Rey | Biblioteca Prof. Eusebio Cleto del Rey | 01/06/2009 | Nº 272 - jun. 2009 | H338 DOC 272 | R09483 | 10/04/2026 | 10/04/2026 | Numero | ||||||
| Biblioteca Prof. Eusebio Cleto del Rey | Biblioteca Prof. Eusebio Cleto del Rey | 01/03/2009 | Nº 235 - mar. 2009 | H338 DOC 235 | R09484 | 10/04/2026 | 10/04/2026 | Numero | ||||||
| Biblioteca Prof. Eusebio Cleto del Rey | Biblioteca Prof. Eusebio Cleto del Rey | 01/03/2008 | Nº 177 - mar. 2008 | H338 DOC 177 | R09477 | 10/04/2026 | 10/04/2026 | Numero | ||||||
| Biblioteca Prof. Eusebio Cleto del Rey | Biblioteca Prof. Eusebio Cleto del Rey | 01/02/2008 | Nº 176 - feb. 2008 | H338 DOC 176 | R09478 | 10/04/2026 | 10/04/2026 | Numero | ||||||
| Biblioteca Prof. Eusebio Cleto del Rey | Biblioteca Prof. Eusebio Cleto del Rey | 01/01/2008 | Nº 172 - ene. 2008 | H338 DOC 172 | R09479 | 10/04/2026 | 10/04/2026 | Numero | ||||||
| Biblioteca Prof. Eusebio Cleto del Rey | Biblioteca Prof. Eusebio Cleto del Rey | 01/08/2006 | Nº 101 - ago. 2006 | H338 DOC 101 | R09480 | 10/04/2026 | 10/04/2026 | Numero | ||||||
| Biblioteca Prof. Eusebio Cleto del Rey | Biblioteca Prof. Eusebio Cleto del Rey | 01/03/2006 | Nº 74 - mar. 2006 | H338 DOC 74 | R05311 | 10/04/2026 | 10/04/2026 | Numero | ||||||
| Biblioteca Prof. Eusebio Cleto del Rey | Biblioteca Prof. Eusebio Cleto del Rey | 01/01/2006 | Nº 70 - ene. 2006 | H338 DOC 70 | R01888 | 10/04/2026 | 10/04/2026 | Numero | ||||||
| Biblioteca Prof. Eusebio Cleto del Rey | Biblioteca Prof. Eusebio Cleto del Rey | 01/12/2005 | Nº 55 - dic. 2005 | H338 DOC 55 | R01887 | 10/04/2026 | 10/04/2026 | Numero | ||||||
| Biblioteca Prof. Eusebio Cleto del Rey | Biblioteca Prof. Eusebio Cleto del Rey | 15/11/2005 | Nº 37 - nov. 2005 | H338 DOC 37 | R12468 | 10/04/2026 | 10/04/2026 | Numero | ||||||
| Biblioteca Prof. Eusebio Cleto del Rey | Biblioteca Prof. Eusebio Cleto del Rey | 01/11/2005 | Nº 36 - nov. 2005 | H338 DOC 36 | R01886 | 10/04/2026 | 10/04/2026 | Numero |